[Event "OEISM 0818 BLMM"]
[Site "austriablmm"]
[Date "2020.12.12"]
[Round "1"]
[White "Sebsep1"]
[Black "Jakob19"]
[Result "1/2-1/2"]
[WhiteElo "2025"]
[BlackElo "2032"]
[Annotator "NA RC"]
[PlyCount "81"]
[EventDate "2020.12.12"]
[EventType "blitz"]

1. e4 {[%emt 0:00:02]} e5 {[%emt 0:00:02]} 2. Nf3 {[%emt 0:00:02]} Nf6 {[%emt 0:00:01]} 3. d3 {[%emt 0:00:01]} d6 {[%emt 0:00:02]} 4. c3 {[%emt 0:00:02]} g6 {[%emt 0:00:02]} 5. Be2 {[%emt 0:00:04]} Bg7 {[%emt 0:00:01]} 6. O-O {[%emt 0:00:02]} O-O {[%emt 0:00:01]} 7. a4 {[%emt 0:00:08]} c5 {[%emt 0:00:06]} 8. Re1 {[%emt 0:00:09]} Nc6 {[%emt 0:00:03]} 9. Bf1 {[%emt 0:00:01]} h6 {[%emt 0:00:06]} 10. h3 {[%emt 0:00:03]} Be6 {[%emt 0:00:11]} 11. Na3 {[%emt 0:00:08]} d5 {[%emt 0:00:50]} 12. Qc2 {[%emt 0:01:35]} d4 {[%emt 0:00:23]} 13. Nc4 {[%emt 0:00:14]} Nd7 {[%emt 0:00:06]} 14. Bd2 {[%emt 0:00:25]} Qe7 {[%emt 0:00:31]} 15. Rab1 {[%emt 0:00:44]} Rfc8 {[%emt 0:01:19]} 16. cxd4 {[%emt 0:01:08]} Nxd4 {[%emt 0:00:02]} 17. Nxd4 {[%emt 0:00:08]} cxd4 {[%emt 0:00:01]} 18. b4 {[%emt 0:00:15]} Rc7 {[%emt 0:00:59]} 19. Rec1 {[%emt 0:00:53]} Nb6 {[%emt 0:00:07]} 20. a5 {[%emt 0:00:20]} Nxc4 {[%emt 0:00:03]} 21. dxc4 {[%emt 0:00:01]} f5 {[%emt 0:00:24]} 22. f3 {[%emt 0:00:12]} f4 {[%emt 0:00:53]} 23. c5 {[%emt 0:00:14]} Kh7 {[%emt 0:00:02]} 24. b5 {[%emt 0:00:12]} Bf8 {[%emt 0:00:20]} 25. Bb4 {[%emt 0:00:06]} Qe8 {[%emt 0:00:08]} 26. c6 {[%emt 0:02:09]} Bxb4 {[%emt 0:00:03]} 27. Rxb4 {[%emt 0:00:03]} bxc6 {[%emt 0:00:09]} 28. b6 {[%emt 0:00:36]} axb6 {[%emt 0:00:03]} 29. axb6 {[%emt 0:00:00]} c5 {[%emt 0:00:12]} 30. Rb2 {[%emt 0:00:57]} Rb7 {[%emt 0:00:11]} 31. Bc4 {[%emt 0:00:23]} Bxc4 {[%emt 0:00:20]} 32. Qxc4 {[%emt 0:00:00]} Rc8 {[%emt 0:00:01]} 33. Qd5 {[%emt 0:00:01]} Qe7 {[%emt 0:00:15]} 34. Rb5 {[%emt 0:00:04]} Rd8 {[%emt 0:02:32]} 35. Qxc5 {[%emt 0:00:02]} Qxc5 {[%emt 0:00:01]} 36. Rcxc5 {[%emt 0:00:01]} d3 {[%emt 0:00:04]} 37. Rc1 {[%emt 0:00:07]} d2 {[%emt 0:00:09]} 38. Rd1 {[%emt 0:00:01]} Rd6 {[%emt 0:00:03]} 39. Kf2 {[%emt 0:00:02]} Rbxb6 {[%emt 0:00:05]} 40. Rxb6 {[%emt 0:00:01]} Rxb6 {[%emt 0:00:00]} 41. Rxd2 {[%emt 0:00:00] Jakob19 offers a draw} 1/2-1/2

[Event "OEISM 0818 BLMM"]
[Site "austriablmm"]
[Date "2020.12.12"]
[Round "1"]
[White "CrushTheRush"]
[Black "Gor200506"]
[Result "1-0"]
[WhiteElo "1977"]
[BlackElo "1675"]
[Annotator "NA RC"]
[PlyCount "43"]
[EventDate "2020.12.12"]
[EventType "blitz"]

1. e4 {[%emt 0:00:04]} e6 {[%emt 0:00:03]} 2. d4 {[%emt 0:00:06]} d5 {[%emt 0:00:02]} 3. Nc3 {[%emt 0:00:03]} Nf6 {[%emt 0:00:02]} 4. e5 {[%emt 0:00:01]} Nfd7 {[%emt 0:00:01]} 5. f4 {[%emt 0:00:02]} c5 {[%emt 0:00:01]} 6. Nf3 {[%emt 0:00:02]} Nc6 {[%emt 0:00:01]} 7. Be3 {[%emt 0:00:02]} a6 {[%emt 0:00:08]} 8. Be2 {[%emt 0:00:22]} Be7 {[%emt 0:00:28]} 9. O-O {[%emt 0:00:02]} b5 {[%emt 0:01:08]} 10. Kh1 {[%emt 0:00:55]} Bb7 {[%emt 0:00:11]} 11. a3 {[%emt 0:00:11]} Qc7 {[%emt 0:00:49]} 12. Qd2 {[%emt 0:01:50]} Rc8 {[%emt 0:01:26]} 13. f5 {[%emt 0:01:23]} cxd4 {[%emt 0:02:44]} 14. Nxd4 {[%emt 0:00:04]} Nxd4 {[%emt 0:00:13]} 15. Bxd4 {[%emt 0:00:00]} Nxe5 {[%emt 0:00:24]} 16. fxe6 {[%emt 0:00:04]} fxe6 {[%emt 0:00:28]} 17. Qe3 {[%emt 0:00:36]} Bf6 {[%emt 0:00:24]} 18. Bh5+ {[%emt 0:00:39]} Kd7 {[%emt 0:00:24]} 19. Rae1 {[%emt 0:00:06]} Nc6 {[%emt 0:01:54]} 20. Qxe6+ {[%emt 0:00:08]} Kd8 {[%emt 0:00:02]} 21. Bb6 {[%emt 0:00:51]} Qxb6 {[%emt 0:00:05]} 22. Qd6# {[%emt 0:00:01] Mate Mate} 1-0

[Event "OEISM 0818 BLMM"]
[Site "austriablmm"]
[Date "2020.12.12"]
[Round "1"]
[White "UrosN"]
[Black "Beckenbauer23"]
[Result "0-1"]
[WhiteElo "1883"]
[BlackElo "2081"]
[Annotator "NA RC"]
[PlyCount "48"]
[EventDate "2020.12.12"]
[EventType "blitz"]
[TimeControl "600+3"]

1. d4 {[%emt 0:00:02]} Nf6 {[%emt 0:00:03]} 2. c4 {[%emt 0:00:01]} a6 {[%emt 0:00:03]} 3. Nc3 {[%emt 0:00:03]} c5 {[%emt 0:00:07]} 4. d5 {[%emt 0:00:07]} b5 {[%emt 0:00:02]} 5. cxb5 {[%emt 0:00:05]} axb5 {[%emt 0:00:54]} 6. Nxb5 {[%emt 0:01:23]} Bb7 {[%emt 0:00:26]} 7. e4 {[%emt 0:01:11]} Nxe4 {[%emt 0:00:40]} 8. d6 {[%emt 0:00:02]} Qa5+ {[%emt 0:02:05]} 9. Bd2 {[%emt 0:00:04]} Nxd2 {[%emt 0:00:03]} 10. Qxd2 {[%emt 0:00:00]} exd6 {[%emt 0:00:15]} 11. b4 {[%emt 0:01:51]} cxb4 {[%emt 0:00:50]} 12. Bc4 {[%emt 0:02:51]} Bxg2 {[%emt 0:01:41]} 13. Nf3 {[%emt 0:01:24]} Bxh1 {[%emt 0:00:39]} 14. Kf1 {[%emt 0:01:29]} Be7 {[%emt 0:01:20]} 15. Re1 {[%emt 0:00:07]} O-O {[%emt 0:00:05]} 16. Ng5 {[%emt 0:00:03]} Bxg5 {[%emt 0:00:16]} 17. Qxg5 {[%emt 0:00:00]} d5 {[%emt 0:00:04]} 18. Bd3 {[%emt 0:00:04]} Be4 {[%emt 0:00:04]} 19. Qe3 {[%emt 0:00:06]} Bxd3+ {[%emt 0:00:09]} 20. Qxd3 {[%emt 0:00:00]} Nc6 {[%emt 0:00:04]} 21. Nd6 {[%emt 0:00:06]} Qa6 {[%emt 0:00:04]} 22. Qxa6 {[%emt 0:00:05]} Rxa6 {[%emt 0:00:01]} 23. Nf5 {[%emt 0:00:04]} Rxa2 {[%emt 0:00:03]} 24. Rd1 {[%emt 0:00:02]} d4 {[%emt 0:00:01] TimeW} 0-1

[Event "OEISM 0818 BLMM"]
[Site "austriablmm"]
[Date "2020.12.12"]
[Round "1"]
[White "Pernerstorfer_Max"]
[Black "DoHoChess"]
[Result "0-1"]
[WhiteElo "1867"]
[BlackElo "2251"]
[Annotator "TA"]
[PlyCount "100"]
[EventDate "2020.12.12"]
[EventType "blitz"]

{[%evp 12,100,51,14,16,6,18,-2,28,12,52,36,37,-11,13,-11,31,17,33,17,35,21,36,49,39,32,72,30,45,36,46,3,13,-42,0,-42,-14,-78,-85,-84,-54,-239,-209,-194,-199,-175,-13,-12,0,-8,-4,-48,-31,-29,-17,-31,-28,-29,-18,-136,-60,-311,-139,-889,-471,-428,-433,-425,-426,-670,-530,-735,-607,-572,-518,-494,-447,-29993,-29994,-29996,-29982,-29983,-29984,-29987,-29987,-29991,-29992,-29992,-29993,-29996,-29997]} 1. e4 c5 2. Nf3 e6 3. d4 cxd4 4. Nxd4 Bc5 5. Nb3 Bb6 6. Nc3 Nc6 7. Be2 Nge7 {B45: Sicilian Four Knights.} 8. O-O O-O 9. Bf4 e5 {The position is equal.} 10. Bg5 f6 11. Bc4+ Kh8 {[#]} 12. Bd2 $146 ({Predecessor:} 12. Bh4 a6 13. Nd5 Nxd5 14. exd5 Ne7 15. Qf3 d6 16. Bd3 f5 17. Nd2 Qe8 18. Rfe1 {½-½ (55) Capelja,C-Seiler,S Ueberlingen 2000}) 12... a6 13. Qe2 Nd4 14. Nxd4 Bxd4 15. Be3 b5 {And now ...Bxe3 would win.} 16. Bb3 Bb7 17. Bxd4 exd4 18. Nd5 Rc8 19. Rfd1 Bxd5 20. exd5 ({But not} 20. Bxd5 Nxd5 21. exd5 Re8 $11) 20... Nf5 $1 21. Qe4 g6 22. g4 (22. Re1 $11) 22... Nh4 (22... Re8 $5 {[%cal Re8e4]} 23. Qf4 Nh4 $11) 23. Rxd4 Re8 24. Qf4 (24. Qd3 $11) 24... g5 $17 {[%mdl 1024] Black has strong compensation.} 25. Qg3 Qe7 {( -> ...Qe1+!)} 26. f4 $2 ({White should play} 26. Rf1 $15) 26... Qe2 27. Rd3 Re4 28. Rf1 Rce8 $2 (28... Ng6 $19 {[%cal Rg6f4]} 29. Rdf3 Rxf4 30. Rxf4 Nxf4) 29. Rf2 $1 $11 {[%cal Rf2e2]} Qe1+ 30. Rf1 $132 {[%mdl 2048] White is not keeping still} gxf4 31. Rxe1 ({Wrong is} 31. Qh3 $2 f5 $1 $19 {[%mdl 512]}) 31... Rxe1+ 32. Qxe1 Rxe1+ {[%mdl 4096] Endgame KRB-KRN} 33. Kf2 Rh1 34. Rh3 Ng6 35. Kf3 {White is now going downhill.} (35. d6 $1 $11) 35... Rf1+ (35... d6 $17 36. a4 Kg7) 36. Ke4 $2 {[%mdl 8192] [#]} (36. Ke2 $1 $15 Rg1 37. d6) 36... Re1+ (36... Ne5 $1 $19 {is more deadly. Hoping for ...f3.} 37. Rh4 Kg7) 37. Kf5 $2 {[%mdl 8192]} (37. Kf3 $17) 37... Kg7 {[%csl Gf6,Gg6][%cal Re1e5]} 38. g5 Re5+ 39. Kg4 {intending gxf6+.} fxg5 40. Rd3 (40. c4 $142 h6 41. Rc3) 40... d6 41. a4 bxa4 42. Bxa4 Re4 43. Ra3 Kf6 44. Bb3 (44. Kf3 $19 Rd4 45. h3) 44... Ne5+ {Black mates.} 45. Kh3 g4+ 46. Kg2 Re2+ 47. Kf1 Rxh2 48. Rxa6 g3 49. Rxd6+ Kf5 50. c3 Nf3 {Weighted Error Value: White=0.74/Black=0.55} 0-1

[Event "OEISM 0818 BLMM"]
[Site "austriablmm"]
[Date "2020.12.12"]
[Round "1"]
[White "Viczekata"]
[Black "Robert_III"]
[Result "1-0"]
[WhiteElo "1856"]
[BlackElo "1644"]
[Annotator "NA RC"]
[PlyCount "93"]
[EventDate "2020.12.12"]
[EventType "blitz"]

1. e4 {[%emt 0:00:03]} c5 {[%emt 0:00:03]} 2. Nf3 {[%emt 0:00:02]} e6 {[%emt 0:00:03]} 3. d4 {[%emt 0:00:01]} cxd4 {[%emt 0:00:02]} 4. Nxd4 {[%emt 0:00:00]} Nf6 {[%emt 0:00:04]} 5. Nc3 {[%emt 0:00:05]} Nc6 {[%emt 0:00:03]} 6. Be3 {[%emt 0:00:03]} Qc7 {[%emt 0:00:04]} 7. g3 {[%emt 0:00:04]} Bb4 {[%emt 0:00:24]} 8. Bg2 {[%emt 0:00:09]} Ne5 {[%emt 0:00:06]} 9. O-O {[%emt 0:00:40]} Nc4 {[%emt 0:00:17]} 10. Bf4 {[%emt 0:00:30]} Qa5 {[%emt 0:00:53]} 11. Ncb5 {[%emt 0:00:45]} e5 {[%emt 0:00:29]} 12. Qe2 {[%emt 0:00:48]} exf4 {[%emt 0:00:55]} 13. Qxc4 {[%emt 0:00:04]} O-O {[%emt 0:00:20]} 14. Nb3 {[%emt 0:00:16]} Qb6 {[%emt 0:00:59]} 15. Qxb4 {[%emt 0:00:25]} fxg3 {[%emt 0:00:39]} 16. Qc5 {[%emt 0:00:23]} gxh2+ {[%emt 0:00:07]} 17. Kh1 {[%emt 0:00:06]} Qd8 {[%emt 0:00:16]} 18. Qg5 {[%emt 0:00:25]} d5 {[%emt 0:00:26]} 19. e5 {[%emt 0:00:13]} Ng4 {[%emt 0:00:29]} 20. Qxd8 {[%emt 0:00:03]} Rxd8 {[%emt 0:00:00]} 21. Nc7 {[%emt 0:00:17]} Rb8 {[%emt 0:00:04]} 22. Nxd5 {[%emt 0:00:02]} Be6 {[%emt 0:00:07]} 23. Nf4 {[%emt 0:00:10]} Bxb3 {[%emt 0:00:18]} 24. axb3 {[%emt 0:00:06]} Rd2 {[%emt 0:00:01]} 25. Nd3 {[%emt 0:00:06]} Rxc2 {[%emt 0:00:10]} 26. Bf3 {[%emt 0:00:09]} f5 {[%emt 0:00:16]} 27. Bxg4 {[%emt 0:00:05]} fxg4 {[%emt 0:00:02]} 28. Kxh2 {[%emt 0:00:02]} Rd8 {[%emt 0:00:05]} 29. Nf4 {[%emt 0:00:12]} Rf8 {[%emt 0:00:30]} 30. Kg3 {[%emt 0:00:05]} g5 {[%emt 0:00:08]} 31. Nh5 {[%emt 0:00:07]} Rxb2 {[%emt 0:00:11]} 32. Nf6+ {[%emt 0:00:04]} Kg7 {[%emt 0:00:05]} 33. Rfb1 {[%emt 0:00:10]} Rc2 {[%emt 0:00:10]} 34. Rxa7 {[%emt 0:00:03]} Rf7 {[%emt 0:00:04]} 35. Rh1 {[%emt 0:00:07]} Kg6 {[%emt 0:00:04]} 36. Nxg4 {[%emt 0:00:08]} h5 {[%emt 0:00:15]} 37. Nf6 {[%emt 0:00:05]} Rc3+ {[%emt 0:00:04]} 38. Kg2 {[%emt 0:00:02]} Rxb3 {[%emt 0:00:02]} 39. Nxh5 {[%emt 0:00:10]} Rb2 {[%emt 0:00:05]} 40. Nf6 {[%emt 0:00:02]} Kf5 {[%emt 0:00:01]} 41. Re1 {[%emt 0:00:06]} Ke6 {[%emt 0:00:22]} 42. Ra8 {[%emt 0:00:09]} b5 {[%emt 0:00:11]} 43. Re8+ {[%emt 0:00:02]} Kf5 {[%emt 0:00:03]} 44. e6 {[%emt 0:00:10]} Rxf6 {[%emt 0:00:03]} 45. e7 {[%emt 0:00:01]} Re6 {[%emt 0:00:10]} 46. Rf8+ {[%emt 0:00:02]} Kg6 {[%emt 0:00:10]} 47. Rxe6+ {[%emt 0:00:03] Robert_III resigns} 1-0

[Event "OEISM 0818 BLMM"]
[Site "austriablmm"]
[Date "2020.12.12"]
[Round "1"]
[White "Daniel05"]
[Black "Miriamk"]
[Result "1-0"]
[WhiteElo "1844"]
[BlackElo "1568"]
[Annotator "NA RC"]
[PlyCount "65"]
[EventDate "2020.12.12"]
[EventType "blitz"]

1. d4 {[%emt 0:00:04]} d5 {[%emt 0:00:01]} 2. c4 {[%emt 0:00:07]} e6 {[%emt 0:00:03]} 3. Nc3 {[%emt 0:00:02]} Nf6 {[%emt 0:00:01]} 4. Bg5 {[%emt 0:00:03]} Nbd7 {[%emt 0:00:47]} 5. e3 {[%emt 0:00:02]} c6 {[%emt 0:00:04]} 6. Nf3 {[%emt 0:00:01]} Bd6 {[%emt 0:00:18]} 7. Bd3 {[%emt 0:00:06]} O-O {[%emt 0:00:05]} 8. O-O {[%emt 0:00:02]} Re8 {[%emt 0:00:12]} 9. Qc2 {[%emt 0:00:15]} h6 {[%emt 0:00:10]} 10. Bh4 {[%emt 0:00:01]} b6 {[%emt 0:00:22]} 11. e4 {[%emt 0:00:05]} dxe4 {[%emt 0:00:57]} 12. Nxe4 {[%emt 0:00:00]} Be7 {[%emt 0:00:16]} 13. Rad1 {[%emt 0:00:21]} Nxe4 {[%emt 0:00:56]} 14. Bxe7 {[%emt 0:00:00]} Qxe7 {[%emt 0:00:04]} 15. Bxe4 {[%emt 0:00:05]} Bb7 {[%emt 0:00:08]} 16. Qa4 {[%emt 0:00:54]} Rec8 {[%emt 0:00:31]} 17. Rfe1 {[%emt 0:00:05]} Nf6 {[%emt 0:00:07]} 18. Bb1 {[%emt 0:00:14]} Qf8 {[%emt 0:00:29]} 19. Ne5 {[%emt 0:00:52]} a6 {[%emt 0:00:50]} 20. Qc2 {[%emt 0:00:08]} Rd8 {[%emt 0:00:15]} 21. c5 {[%emt 0:00:30]} b5 {[%emt 0:00:28]} 22. Re3 {[%emt 0:00:30]} Rd5 {[%emt 0:00:19]} 23. Rf3 {[%emt 0:01:59]} Qe7 {[%emt 0:00:20]} 24. Ng4 {[%emt 0:00:03]} Kf8 {[%emt 0:01:22]} 25. Nxf6 {[%emt 0:00:09]} gxf6 {[%emt 0:00:03]} 26. Qh7 {[%emt 0:00:03]} Ke8 {[%emt 0:00:07]} 27. Qxh6 {[%emt 0:00:14]} f5 {[%emt 0:00:19]} 28. Re1 {[%emt 0:00:31]} Kd7 {[%emt 0:00:12]} 29. Bxf5 {[%emt 0:01:25]} Rxf5 {[%emt 0:00:10]} 30. Rxf5 {[%emt 0:00:03]} exf5 {[%emt 0:00:01]} 31. Rxe7+ {[%emt 0:00:01]} Kxe7 {[%emt 0:00:01]} 32. Qd6+ {[%emt 0:00:01]} Ke8 {[%emt 0:00:07]} 33. Qc7 {[%emt 0:00:01] Miriamk gibt auf (Lag: Av=0.87s, max=1.4s)} 1-0

[Event "OEISM 0818 BLMM"]
[Site "austriablmm"]
[Date "2020.12.12"]
[Round "1"]
[White "NIKO2011"]
[Black "Widder2010"]
[Result "0-1"]
[WhiteElo "1843"]
[BlackElo "1550"]
[Annotator "NA RC"]
[PlyCount "182"]
[EventDate "2020.12.12"]
[EventType "blitz"]

1. e4 {[%emt 0:00:04]} g6 {[%emt 0:00:02]} 2. d4 {[%emt 0:00:02]} Bg7 {[%emt 0:00:02]} 3. Nf3 {[%emt 0:00:02]} e6 {[%emt 0:00:01]} 4. Nc3 {[%emt 0:00:01]} Ne7 {[%emt 0:00:01]} 5. Bc4 {[%emt 0:00:01]} d5 {[%emt 0:00:02]} 6. exd5 {[%emt 0:00:02]} exd5 {[%emt 0:00:02]} 7. Bb3 {[%emt 0:00:01]} c6 {[%emt 0:00:02]} 8. O-O {[%emt 0:00:02]} O-O {[%emt 0:00:02]} 9. Bg5 {[%emt 0:00:02]} h6 {[%emt 0:00:03]} 10. Bh4 {[%emt 0:00:03]} Qc7 {[%emt 0:00:04]} 11. Re1 {[%emt 0:00:03]} Nf5 {[%emt 0:00:02]} 12. Bg3 {[%emt 0:00:01]} Nxg3 {[%emt 0:00:06]} 13. hxg3 {[%emt 0:00:00]} Be6 {[%emt 0:00:05]} 14. Na4 {[%emt 0:00:05]} Nd7 {[%emt 0:00:03]} 15. Nc3 {[%emt 0:00:09]} b5 {[%emt 0:00:06]} 16. a3 {[%emt 0:00:02]} a5 {[%emt 0:00:07]} 17. Qd2 {[%emt 0:00:06]} Nb6 {[%emt 0:00:10]} 18. Ne5 {[%emt 0:00:09]} Bf5 {[%emt 0:00:11]} 19. Nd1 {[%emt 0:00:32]} Nd7 {[%emt 0:00:05]} 20. Nxd7 {[%emt 0:00:08]} Qxd7 {[%emt 0:00:05]} 21. Ne3 {[%emt 0:00:01]} a4 {[%emt 0:00:09]} 22. Ba2 {[%emt 0:00:04]} Rfe8 {[%emt 0:00:05]} 23. Rad1 {[%emt 0:00:07]} Bg4 {[%emt 0:00:14]} 24. Nxg4 {[%emt 0:00:06]} Qxg4 {[%emt 0:00:06]} 25. c3 {[%emt 0:00:05]} Qd7 {[%emt 0:00:07]} 26. Re3 {[%emt 0:00:18]} Rxe3 {[%emt 0:00:08]} 27. Qxe3 {[%emt 0:00:01]} Re8 {[%emt 0:00:04]} 28. Qd2 {[%emt 0:00:03]} Qe6 {[%emt 0:00:03]} 29. Kf1 {[%emt 0:00:06]} Kf8 {[%emt 0:00:05]} 30. Re1 {[%emt 0:00:02]} Qd7 {[%emt 0:00:03]} 31. Qf4 {[%emt 0:00:10]} Rxe1+ {[%emt 0:00:15]} 32. Kxe1 {[%emt 0:00:00]} Qe6+ {[%emt 0:00:04]} 33. Kf1 {[%emt 0:00:03]} g5 {[%emt 0:00:09]} 34. Qb8+ {[%emt 0:00:02]} Ke7 {[%emt 0:00:03]} 35. Qc7+ {[%emt 0:00:04]} Kf6 {[%emt 0:00:03]} 36. Qd8+ {[%emt 0:00:22]} Qe7 {[%emt 0:00:15]} 37. Qb6 {[%emt 0:00:16]} Qe6 {[%emt 0:00:18]} 38. Qd8+ {[%emt 0:00:02]} Qe7 {[%emt 0:00:03]} 39. Qxe7+ {[%emt 0:00:01]} Kxe7 {[%emt 0:00:04]} 40. Ke2 {[%emt 0:00:00]} Kd6 {[%emt 0:00:03]} 41. Kf3 {[%emt 0:00:09]} Ke6 {[%emt 0:00:21]} 42. Ke3 {[%emt 0:00:03]} f5 {[%emt 0:00:09]} 43. Bb1 {[%emt 0:00:19]} Bf8 {[%emt 0:00:05]} 44. Bc2 {[%emt 0:00:06]} Bd6 {[%emt 0:00:11]} 45. f4 {[%emt 0:00:16]} g4 {[%emt 0:00:09]} 46. b3 {[%emt 0:00:09]} axb3 {[%emt 0:00:05]} 47. Bxb3 {[%emt 0:00:02]} Bxa3 {[%emt 0:00:04]} 48. Bc2 {[%emt 0:00:05]} Bb2 {[%emt 0:00:18]} 49. Kd2 {[%emt 0:00:03]} Ba3 {[%emt 0:00:09]} 50. Bb1 {[%emt 0:00:02]} Bd6 {[%emt 0:00:16]} 51. Ke3 {[%emt 0:00:06]} Bc7 {[%emt 0:00:13]} 52. Ke2 {[%emt 0:00:06]} Ba5 {[%emt 0:00:09]} 53. Kd3 {[%emt 0:00:03]} Kf6 {[%emt 0:00:25]} 54. Bc2 {[%emt 0:00:04]} Ke6 {[%emt 0:00:06]} 55. Bb1 {[%emt 0:00:02]} Bb6 {[%emt 0:00:11]} 56. Kd2 {[%emt 0:00:04]} Bc7 {[%emt 0:00:15]} 57. Ke2 {[%emt 0:00:03]} h5 {[%emt 0:00:06]} 58. Ke3 {[%emt 0:00:08]} Bd8 {[%emt 0:00:09]} 59. Kf2 {[%emt 0:00:11]} Ba5 {[%emt 0:00:06]} 60. Ke3 {[%emt 0:00:04]} Bxc3 {[%emt 0:00:04]} 61. Ba2 {[%emt 0:00:12]} Be1 {[%emt 0:00:17]} 62. Bb3 {[%emt 0:00:13]} Bxg3 {[%emt 0:00:15]} 63. Bc2 {[%emt 0:00:03]} Be1 {[%emt 0:00:19]} 64. Bd3 {[%emt 0:00:05]} h4 {[%emt 0:00:17]} 65. Bf1 {[%emt 0:00:04]} Bg3 {[%emt 0:00:11]} 66. Bd3 {[%emt 0:00:25]} h3 {[%emt 0:00:11]} 67. gxh3 {[%emt 0:00:01]} gxh3 {[%emt 0:00:02]} 68. Kf3 {[%emt 0:00:00]} Bh4 {[%emt 0:00:04]} 69. Bf1 {[%emt 0:00:05]} Bf6 {[%emt 0:00:04]} 70. Ke3 {[%emt 0:00:07]} h2 {[%emt 0:00:04]} 71. Bg2 {[%emt 0:00:01]} Bg7 {[%emt 0:00:09]} 72. Kd3 {[%emt 0:00:02]} Kd6 {[%emt 0:00:17]} 73. Ke3 {[%emt 0:00:06]} b4 {[%emt 0:00:10]} 74. Kd3 {[%emt 0:00:02]} b3 {[%emt 0:00:03]} 75. Kc3 {[%emt 0:00:08]} Bxd4+ {[%emt 0:00:11]} 76. Kxb3 {[%emt 0:00:03]} Be3 {[%emt 0:00:07]} 77. Kc3 {[%emt 0:00:07]} Bxf4 {[%emt 0:00:03]} 78. Kd4 {[%emt 0:00:01]} c5+ {[%emt 0:00:03]} 79. Kd3 {[%emt 0:00:01]} c4+ {[%emt 0:00:09]} 80. Kd4 {[%emt 0:00:03]} Be5+ {[%emt 0:00:02]} 81. Ke3 {[%emt 0:00:03]} d4+ {[%emt 0:00:02]} 82. Kd2 {[%emt 0:00:02]} Kc5 {[%emt 0:00:05]} 83. Kc2 {[%emt 0:00:03]} d3+ {[%emt 0:00:02]} 84. Kd2 {[%emt 0:00:02]} Kd4 {[%emt 0:00:01]} 85. Bh1 {[%emt 0:00:04]} c3+ {[%emt 0:00:02]} 86. Kd1 {[%emt 0:00:01]} c2+ {[%emt 0:00:03]} 87. Kd2 {[%emt 0:00:04]} Bf4+ {[%emt 0:00:02]} 88. Ke1 {[%emt 0:00:01]} c1=Q+ {[%emt 0:00:03]} 89. Kf2 {[%emt 0:00:01]} Qe3+ {[%emt 0:00:01]} 90. Kg2 {[%emt 0:00:02]} Qg3+ {[%emt 0:00:02]} 91. Kf1 {[%emt 0:00:02]} Qg1# {[%emt 0:00:02] Mate Mate} 0-1

[Event "OEISM 0818 BLMM"]
[Site "austriablmm"]
[Date "2020.12.12"]
[Round "1"]
[White "Weirdo1"]
[Black "Schragerlaufer"]
[Result "1-0"]
[WhiteElo "1826"]
[BlackElo "1391"]
[Annotator "NA RC"]
[PlyCount "113"]
[EventDate "2020.12.12"]
[EventType "blitz"]

1. d4 {[%emt 0:00:03]} d5 {[%emt 0:00:02]} 2. Nf3 {[%emt 0:00:03]} c6 {[%emt 0:00:13]} 3. c4 {[%emt 0:00:04]} e6 {[%emt 0:00:08]} 4. e3 {[%emt 0:00:02]} Nf6 {[%emt 0:00:02]} 5. Nc3 {[%emt 0:00:03]} Nbd7 {[%emt 0:00:16]} 6. Qc2 {[%emt 0:00:13]} Be7 {[%emt 0:00:07]} 7. b3 {[%emt 0:00:05]} O-O {[%emt 0:00:09]} 8. Be2 {[%emt 0:00:04]} b6 {[%emt 0:00:16]} 9. Bb2 {[%emt 0:00:04]} Bb7 {[%emt 0:00:19]} 10. O-O {[%emt 0:00:02]} Qc7 {[%emt 0:00:03]} 11. Rad1 {[%emt 0:00:25]} Rad8 {[%emt 0:00:26]} 12. e4 {[%emt 0:00:22]} dxe4 {[%emt 0:00:39]} 13. Nxe4 {[%emt 0:00:06]} Nxe4 {[%emt 0:00:04]} 14. Qxe4 {[%emt 0:00:01]} c5 {[%emt 0:00:29]} 15. d5 {[%emt 0:00:33]} Bd6 {[%emt 0:00:48]} 16. Qg4 {[%emt 0:00:29]} f6 {[%emt 0:00:30]} 17. Qxe6+ {[%emt 0:00:34]} Kh8 {[%emt 0:00:33]} 18. Bd3 {[%emt 0:00:40]} Ne5 {[%emt 0:00:43]} 19. Nxe5 {[%emt 0:00:41]} Bxe5 {[%emt 0:00:24]} 20. Bxe5 {[%emt 0:00:25]} Qxe5 {[%emt 0:00:19]} 21. Qxe5 {[%emt 0:01:00]} fxe5 {[%emt 0:00:08]} 22. Rfe1 {[%emt 0:00:06]} Rfe8 {[%emt 0:00:14]} 23. Re2 {[%emt 0:00:08]} Re7 {[%emt 0:00:10]} 24. Rde1 {[%emt 0:00:04]} Rde8 {[%emt 0:00:39]} 25. f4 {[%emt 0:00:04]} e4 {[%emt 0:00:37]} 26. Rxe4 {[%emt 0:00:13]} Rxe4 {[%emt 0:00:07]} 27. Rxe4 {[%emt 0:00:07]} Rxe4 {[%emt 0:00:02]} 28. Bxe4 {[%emt 0:00:00]} Bc8 {[%emt 0:00:11]} 29. d6 {[%emt 0:00:11]} Bd7 {[%emt 0:00:02]} 30. Bd5 {[%emt 0:00:18]} g6 {[%emt 0:00:06]} 31. h3 {[%emt 0:00:25]} Kg7 {[%emt 0:00:05]} 32. Kf2 {[%emt 0:00:13]} Kf6 {[%emt 0:00:02]} 33. g4 {[%emt 0:00:09]} g5 {[%emt 0:00:29]} 34. Kf3 {[%emt 0:00:24]} h6 {[%emt 0:00:04]} 35. Ke4 {[%emt 0:00:06]} a6 {[%emt 0:00:36]} 36. f5 {[%emt 0:00:04]} a5 {[%emt 0:00:09]} 37. Be6 {[%emt 0:00:14]} Bxe6 {[%emt 0:00:02]} 38. fxe6 {[%emt 0:00:01]} Kxe6 {[%emt 0:00:01]} 39. d7 {[%emt 0:00:01]} Kxd7 {[%emt 0:00:01]} 40. Kf5 {[%emt 0:00:01]} Kd6 {[%emt 0:00:21]} 41. Kf6 {[%emt 0:00:09]} Kc6 {[%emt 0:00:03]} 42. Kg6 {[%emt 0:00:01]} b5 {[%emt 0:00:01]} 43. Kxh6 {[%emt 0:00:02]} Kd6 {[%emt 0:00:45]} 44. cxb5 {[%emt 0:00:08]} Kc7 {[%emt 0:00:08]} 45. Kxg5 {[%emt 0:00:02]} Kb6 {[%emt 0:00:01]} 46. a4 {[%emt 0:00:24]} Kc7 {[%emt 0:00:08]} 47. h4 {[%emt 0:00:02]} Kd6 {[%emt 0:00:01]} 48. h5 {[%emt 0:00:03]} Kd5 {[%emt 0:00:02]} 49. h6 {[%emt 0:00:04]} c4 {[%emt 0:00:01]} 50. bxc4+ {[%emt 0:00:02]} Kxc4 {[%emt 0:00:01]} 51. b6 {[%emt 0:00:01]} Kb4 {[%emt 0:00:01]} 52. b7 {[%emt 0:00:01]} Kxa4 {[%emt 0:00:01]} 53. b8=Q {[%emt 0:00:00]} Ka3 {[%emt 0:00:01]} 54. h7 {[%emt 0:00:02]} Ka2 {[%emt 0:00:01]} 55. h8=Q {[%emt 0:00:02]} Ka3 {[%emt 0:00:03]} 56. Qhb2+ {[%emt 0:00:01]} Ka4 {[%emt 0:00:01]} 57. Q8b3# {[%emt 0:00:02] (Lag: Av=0.24s, max=0.5s) Mate} 1-0